| 000 | 00783nam a22002417a 4500 | ||
|---|---|---|---|
| 005 | 20170124105950.0 | ||
| 010 | _aA-709421 | ||
| 020 |
_c75.00 _a8174350047 |
||
| 035 | _aA-709421 | ||
| 037 | _bCen Lib/Ret | ||
| 040 |
_aDPL _bEN |
||
| 082 |
_a270.33 _bSID |
||
| 100 |
_aSiddiqui, Abdul Hameed _913385 |
||
| 245 |
_aThe life of Muhammad (PBUH) / _cby Abdul Hammed Siddqui |
||
| 246 | _b | ||
| 260 |
_bAdam Publishers & Disributors _aNew Delhi _c1994 |
||
| 270 |
_bShandar Market , Chitli Qabar _aDelhi _e110006 |
||
| 300 |
_avii, 340p. _c21cm(Hb) |
||
| 500 | _aIncludes bibliographical references and index. | ||
| 650 |
_aMuḼammad, -- Prophet, -- -632. _985366 |
||
| 650 |
_aMuḼammad, -- Prophet, -- -632. _985367 |
||
| 942 |
_2ddc _cEN _h270.33 _mSID |
||
| 999 |
_c125211 _d125211 |
||